Central Library OPAC University of Rajshahi

Linear programming : (Record no. 52406)

MARC details
000 -LEADER
fixed length control field 00752nam a2200241 a 4500
001 - CONTROL NUMBER
control field 52406
003 - CONTROL NUMBER IDENTIFIER
rucl marc code BD-RjUL
005 - DATE AND TIME OF LATEST TRANSACTION
control field 20211209075812.0
008 - FIXED-LENGTH DATA ELEMENTS--GENERAL INFORMATION
fixed length control field 160920s1964 nyua b 001 0 eng
035 ## - SYSTEM CONTROL NUMBER
System control number (BD-RjUL)52526
040 ## - CATALOGING SOURCE
Original cataloging agency DLC
Transcribing agency WSU
Modifying agency SER
-- OCL
-- UKM
-- EQO
-- BD-RjUL
Language of cataloging eng
041 ## - LANGUAGE CODE
Language code of text/sound track or separate title eng
082 ## - DEWEY DECIMAL CLASSIFICATION NUMBER
Classification number 519.92
Edition number 23
Author mark and year LOL 1964
100 10 - MAIN ENTRY--PERSONAL NAME
Personal name Loomba, N. Paul
Fuller form of name (Narendra Paul),
Dates associated with a name 1927-
9 (RLIN) 156784
245 10 - TITLE STATEMENT
Title Linear programming :
Remainder of title an introductory analysis /
Statement of responsibility, etc. N. Paul Loomba.
250 ## - EDITION STATEMENT
Edition statement T M H ed.
260 ## - PUBLICATION, DISTRIBUTION, ETC. (IMPRINT)
Place of publication, distribution, etc. New York :
Name of publisher, distributor, etc. McGraw-Hill,
Date of publication, distribution, etc. c1964
300 ## - PHYSICAL DESCRIPTION
Pagination xvi, 284 p. :
Illustrations ill. ;
Size 23 cm.
650 #0 - SUBJECT ADDED ENTRY--TOPICAL TERM
Topical term or geographic name as entry element Linear programming.
9 (RLIN) 137980
Topical term or geographic name as entry element Industrial management
General subdivision Mathematical models.
9 (RLIN) 131027
942 ## - ADDED ENTRY ELEMENTS (KOHA)
Source of classification or shelving scheme Dewey Decimal Classification
Koha item type Books
Holdings
Lost status Source of classification or shelving scheme Damaged status Not for loan Collection code Permanent Location Current Location Shelving location Date acquired Source of acquisition Cost, normal purchase price Total Checkouts Full call number Date last seen Copy number Koha item type
  Dewey Decimal Classification     Non-fiction Central Library, University of Rajshahi Central Library, University of Rajshahi   25/08/1973 Ideal Library 27.30   519.92 LOL 1964 20/09/2016 C-2 Books
  Dewey Decimal Classification   Not For Loan Non-fiction Central Library, University of Rajshahi Central Library, University of Rajshahi Reading Room 25/08/1973 Ideal, Library 27.30   519.92 LOL 1964 05/04/2017 C-1 Books